| 000 | 02133nam0a2200433 4500 | ||
|---|---|---|---|
| 001 | RU\NLR\bibl\1045826 | ||
| 005 | 20250615032617.0 | ||
| 010 |
_a5-89481-334-4 _95000 |
||
| 021 |
_aRU _b2006-85070 _94311 |
||
| 035 | _a(nilc)RSL-KNO-003015663 | ||
| 035 | _a(NLR Aleph) 001033185 | ||
| 090 |
_a771644 _c771644 |
||
| 100 | _a20061226d2006 |||y0rusy50 ca | ||
| 101 | 0 | _arus | |
| 102 | _aRU | ||
| 105 | _ay zzzz||||| | ||
| 106 | _ar | ||
| 200 | 1 |
_aАнализы крови и мочи _eклиническое значение _fГ. И. Козинец |
|
| 210 |
_aМосква _cМед. информ. агентство _d2006 |
||
| 215 |
_a98, [1] с. _cил., табл. _d17 |
||
| 225 | 1 | _aБиблиотека врача-лаборанта | |
| 300 | _aНа обороте тит. л. авт.: Козинец Г.И. д.м.н., проф., засл. деят. науки России, проф. | ||
| 320 | _aБиблиогр.: с. 94-96 (35 назв.) | ||
| 606 | 1 |
_aКровь _jСправочники _xКлинические лабораторные исследования _91487574 _3RU\NLR\auth\66637236 |
|
| 606 | 1 |
_aМоча _jСправочники _xКлинические лабораторные исследования _91691106 _3RU\NLR\auth\66751812 |
|
| 610 | 0 | _aЗдравоохранение. Медицинские науки -- Общая диагностика -- Лабораторная диагностика -- Исследование крови -- Справочник | |
| 610 | 0 | _aЗдравоохранение. Медицинские науки -- Общая диагностика -- Лабораторная диагностика -- Исследование мочи -- Справочник | |
| 686 |
_aР345.1я2 _2rubbk |
||
| 686 |
_aР345.2 _2rubbk |
||
| 686 | _aР345.1я2 | ||
| 686 | _aР345.2я2 | ||
| 700 | 1 |
_aКозинец _bГ. И. _gГеннадий Иванович _4070 |
|
| 801 | 0 |
_aRU _bРКП _c20061226 _grcr |
|
| 801 | 1 |
_aRU _bРГБ _c20061226 |
|
| 801 | 2 |
_aRU _bNLR _c20070215 _grcr |
|
| 830 | _aавт. по кн. | ||
| 942 | _cBOOK | ||
| 980 | _aNB | ||